| 000 | 00961nam a22002897a 4500 | ||
|---|---|---|---|
| 001 | 8626 | ||
| 003 | FISKH | ||
| 005 | 20251009162303.0 | ||
| 008 | 251007b cb ||||| |||| 00| 0 eng d | ||
| 020 | _a9780064467339 | ||
| 040 |
_aFISKH _beng _cFISKH _dFISKH |
||
| 050 | _aQA113 .M87 | ||
| 082 | _a513.211 | ||
| 100 |
_aMurphy, Stuart J. _eAuthor |
||
| 245 |
_aMissing Mittens / _cBy Stuart J. Murphy ; illustrated by G. Brian Karas |
||
| 260 |
_aNew York : _bHarper Collins , _c2001 |
||
| 300 |
_a33 pages : _bcolor illustrations ; _c21 x 26 cm |
||
| 505 | _aG | ||
| 520 | _aAs a farmer tries to find the correct number of mittens for his various farmyard animals, the reader is introduced to odd and even numbers. | ||
| 521 | 8 |
_a420
_bLexile |
|
| 521 | 8 |
_aG
_bRaz-Plus |
|
| 650 |
_aEvens & odds _vNumber sense |
||
| 650 |
_aMath stories _vPicture book |
||
| 700 |
_aKaras, G. Brian _eIllustrator |
||
| 942 |
_2ddc _cBK _n0 |
||
| 999 |
_c8626 _d8626 |
||